| 000 | 01424cam a22002054a 4500 | ||
|---|---|---|---|
| 005 | 20250605163941.0 | ||
| 008 | 250528s ||||||||||||||||||||||||d | ||
| 035 | _a15028 | ||
| 020 | _a749428597 | ||
| 040 |
_aGR-AtMCL _bgre _dGR-AtMCL _eAACR2 |
||
| 245 | 1 | _aAccounting for Non-Accountants / A Manual for Managers and Students | |
| 250 | _a5th | ||
| 260 |
_bKogan Page, _c1999 |
||
| 300 | _a280 | ||
| 520 | _aThis fully revised and updated edition of a long-established practical handbook takes the reader through accounting and financial techniques in an easy-to-follow progressive way. Preface, The Annual Accounts, Financial Reporting, Financial Recording, The Profit and Loss Account, The Balance Sheet, Cash Flow Statement, Accounting for Different Business Organizations, Accounting for Inflation, Value Added, Financial Ratios, Other Performance Measures, Management Accounting, Costing Basics, Costing and Pricing, Marginal Costing, Standard Costing, Budgetary Control, Financial Management, The Cost of Capital, Capital Investment Appraisal, Managing Working Capital, Share Values, Mergers and Takeovers and Buy-Outs, Company Taxation, Overseas Transactions, Appendices, Financial Reporting Standards as September 1998, List of Acronyms, Glossary of Terms, Answers to Self-check Questions, Further Questions, Index. | ||
| 700 | 1 |
_aMott Graham _9861 |
|
| 942 | _cBK | ||
| 999 |
_c632 _d632 |
||